| 000 | 00510nam a2200217Ia 4500 | ||
|---|---|---|---|
| 005 | 20250425162438.0 | ||
| 008 | 250425s9999 xx 000 0 und d | ||
| 020 | _a0974201901 | ||
| 041 | _aeng | ||
| 082 | _a623.84 | ||
| 100 | _aDubrovsky, Victor | ||
| 245 | 0 | _aShips With Outriggers | |
| 250 | _aS.E. | ||
| 260 |
_aEstados Unidos _bBACKBONE PUBLISHING COMPANY _c2004 |
||
| 260 | _aS.L. | ||
| 300 | _a88 | ||
| 650 | _aBARCOS-CASCOS | ||
| 650 | _aBARCOS-DISEÑO | ||
| 942 | _c01 | ||
| 010 | _a74566 | ||
| 999 |
_c229392 _d229392 |
||